000 00710nam a22002417a 4500
003 UA-OsUOA
001 31661
007 ta
008 20050110b un ||||| |||| 00| 0 ukr d
100 _aТэйлор А.
090 _a94(4"1492/1914")
_bТ96
942 _cBK
040 _aUA-OsUOA
_brus
_cUA-OsUOA
_dUA-OsUOA
245 _aБорьба за господство в Европе
_b1848-1918
300 _a644 с.
955 _a4
041 _arus
080 _a94(4"1492/1914")
260 _aМосква
_bИзд-во иностранной литературы
_c1958
044 _aRU
650 7 _a9 Географія. Біографії. Історія
_2UDC
999 _c318090
_d318090